000 00217 a2200097 4500
001 5518
100 _aFlagle,CD
245 _aOperations research & systems engineering
260 _a
_bHopkins
_c
090 _c4530
_d4530
942 _aNUST-CAE
_cM
_c30857
999 _c240591
_d240591